|
|
|
|
| LEADER |
00000nam0a2200000 4500 |
| 001 |
366427 |
| 005 |
20241202165637.0 |
| 035 |
|
|
|a (RuTPU)RU\TPU\retro\23790
|
| 090 |
|
|
|a 366427
|
| 100 |
|
|
|a 20220208d1979 km y0rusy50 ca
|
| 101 |
0 |
|
|a rus
|
| 102 |
|
|
|a UA
|
| 105 |
|
|
|a y z 100zy
|
| 200 |
1 |
|
|a Проблема метаморфогенного рудообразования
|e тезисы докладов межведомственного рабочего координационного совещания , Киев, май 1979 г.
|f Академия наук СССР ; Академия наук Украинской ССР, Институт геохимии и физики минералов, отв. ред. Я. Н. Белевцев
|
| 210 |
|
|
|a Киев
|c Наукова думка
|d 1979
|
| 215 |
|
|
|a 224 с.
|
| 606 |
1 |
|
|a Рудообразование метаморфогенное
|2 stltpush
|3 (RuTPU)RU\TPU\subj\26048
|9 50063
|
| 610 |
1 |
|
|a совещания
|
| 610 |
1 |
|
|a Киев
|
| 610 |
1 |
|
|a тезисы докладов
|
| 610 |
1 |
|
|a низкотемпературный метаморфизм
|
| 610 |
1 |
|
|a гранитизация
|
| 610 |
1 |
|
|a ультраметаморфизм
|
| 610 |
1 |
|
|a месторождения
|
| 610 |
1 |
|
|a поиск
|
| 610 |
1 |
|
|a прогнозирование
|
| 675 |
|
|
|a 553.21/.24(063)
|v 4
|
| 702 |
|
1 |
|a Белевцев
|b Я. Н.
|4 340
|
| 712 |
0 |
2 |
|a Академия наук СССР
|c (Ленинград/Москва)
|c (1925-1991)
|2 stltpush
|3 (RuTPU)RU\TPU\col\722
|9 23473
|
| 712 |
0 |
2 |
|a Академия наук Украинской ССР
|b Институт геохимии и физики минералов
|7 ca
|8 rus
|c Киев
|c 1969-1993
|2 stltpush
|3 (RuTPU)RU\TPU\col\13747
|9 25770
|
| 712 |
1 |
2 |
|a Проблема метаморфогенного рудообразования
|c совещание
|d Киев
|f 1979
|4 570
|
| 801 |
|
1 |
|a RU
|b 63413507
|c 20220208
|
| 942 |
|
|
|c BK
|